000 00992nam a22003257a 4500
001 BR0602510
003 BR-BrBNA
005 20230928102209.0
007 ta
008 230509b bl.||||| |||| 00| 0 por d
040 _aBR-BrBNA
_bpor
_cBiblioteca Nacional de Agricultura
041 _a(Por)
072 _aP10; Q02
_b2120
090 _ 2120 BR0602510
100 1 _aGonaçalves, M.
110 1 _aUniversidade Federal de Lavras, MG (Brasil)
_0Tese (Mestrado)
245 1 _aCaracterização e oxidação dos compostos orgânicos nas águas residuárias da despolpa úmida dos frutos do cafeeiro
260 3 _aLavras, MG (Brasil):
_c2006.
300 _a98 p.
500 _aSummaries (Eng, Por); Several bibliography; 42 illus.; 8 tables
650 _aCAFÉ
650 _aFRUTO
650 _aDESPOLPAMENTO
650 _aCOMPOSTO ORGÂNICO
650 _aOXIDAÇÃO
650 _aÁGUAS RESIDUAIS
650 _aCONSUMO
909 _a202309
_bLucia
_c55
_dLucia Elande
942 _cBK
999 _c69600
_d69600